| 000 | 00516nam a2200145Ia 4500 | ||
|---|---|---|---|
| 008 | 100204s9999 xx 000 0 und d | ||
| 082 | _b19032 | ||
| 100 | _aदेसाई श्रीकांत गं. | ||
| 245 | _aसार्थ उपनिशद भाग 2 | ||
| 260 |
_b"सुशिल प्रकाशन , मुंबई" _c1996 |
||
| 300 | _a149 | ||
| 630 | _aसार्थ उपनिशद भाग 2 | ||
| 730 | _aसार्थ उपनिशद भाग 2 | ||
| 942 | _cBOOK | ||
| 999 |
_c463455 _d463452 |
||